| 000 | 01339nam a22002177a 4500 | ||
|---|---|---|---|
| 999 |
_c58142 _d58142 |
||
| 003 | Ge_BSU | ||
| 005 | 20210629130108.0 | ||
| 008 | 210629s2021 ge ||||| |||| 00| 0 geo d | ||
| 020 | _a9789941269332 | ||
| 041 | _ageo | ||
| 080 | _a34(075.3) დ-14 | ||
| 100 |
_aდავითური, გიორგი _912148 |
||
| 245 |
_aსაერთო სასამართლოს კონსტიტუციური წარდგინების ინსტრუმენტის გამოყენების პრაქტიკული სახელმძღვანელო / _cგიორგი დავითური, გიორგი დავითაშვილი,რედ. თეიმურაზ ტუღუში. |
||
| 264 |
_aთბილისი : _bუნივერსალი, _c2021. |
||
| 300 |
_a131 გვ .; _c18 სმ. |
||
| 653 | _aსამართალი | ||
| 700 |
_aდავითაშვილი, გიორგი _99253 |
||
| 700 |
_aტუღუში, თეიმურაზ _eრედაქტორი _912149 |
||
| 856 |
_yელექტრონული ფაილი _uhttps://library.iliauni.edu.ge/wp-content/uploads/2021/06/28.-saertho-sasamarthlos-konstitutsiuri-tsardginebis-instrumentis-gamoqhenebis-praqtikuli-sa.pdf |
||
| 942 |
_2udc _cBK |
||